000 01619cam a22004694i 4500
003 PE-LiUPU
005 20250731173507.0
008 150616s1995 miu rb 000 0 spa d
020 _a0802809308
035 _a(Sirsi) i9780802809308
040 _aPE-LiUPU
_bspa
_cPE-LiUPU
_erda
049 _aPRUA
082 0 4 _a231.765
_bS78
_221
100 1 _aStam, Juan B.,
_eautor.
245 1 4 _aLas buenas nuevas de la creación.
264 1 _aGrand Rapids, Michigan :
_bWm. B. Eerdmans Publishing Co.,
_c1995.
300 _a110 páginas ;
_c23 centímetros
336 _atext
_2rdacontent
337 _aunmediated
_2rdamedia
338 _avolume
_2rdacarrier
504 _aIncluye bibliografía.
505 0 _aCreación y salvación en el A.T -- Creación y salvación en el N.T -- Creación y misión integral -- Creación y problematica contemporánea Creación Salvación.
526 _aSEG42
526 _aSEG41
526 _aSEG40
526 _aSEG39
526 _aP94
526 _aP87
526 _aP86
526 _aP85
526 _aP77
526 _aP76
526 _aP35
650 0 4 _aCreación.
910 _ajck
_bjvq
_cjck
942 _2ddc
_cBOOK
949 _a231.765 S78
_wDEWEY
_c1
_i40524
_lCCODEBUL1
_mBUL
_r0
_sY
_tBOOK
_u2015-6-16
_xTEOLOGIA
_zUNKNOWN
_0COMPRA
_o.STAFF. Colección Teología
994 _aC0
_bPEPRU
596 _a1
999 _a231.765 S78
_wDEWEY
_c58315
_i40524
_f2021-11-9
_g5
_lCCODEBUL1
_mBUL
_p73.23
_r0
_sY
_tBOOK
_u2015-6-16
_xTEOLOGIA
_PP35
_0COMPRA
_o.STAFF. Colección Teología
_d58315
980 _81
_gALBERTO SANCHEZ Responsable de Automatización